000 00423nam a2200181Ia 4500
005 20240913130140.0
008 240913s9999||||xx |||||||||||||| ||und||
041 _aENGLISH
082 _A621.4022 M8
100 _aWhite,Frank
245 0 _aHeat and Mass Transfer
250 _a1st
260 _c1991
_bAddison-Wesley.,Newyork
500 _aREFERENCE
650 _aHeat
_bMechanical
942 _cREF
999 _c247077
_d247077